| Tag |
First Indicator |
Second Indicator |
Subfields |
| LEADER |
00000pam a2200000 a 4500 |
| 001 |
in00000333921 |
| 005 |
20151011053626.0 |
| 008 |
790724s1979 nyu r 00010 engm |
| 010 |
|
|
|a 79018806
|
| 020 |
|
|
|a 0812021177 :
|c $25.50
|
| 035 |
|
|
|a (OCoLC)05286389
|
| 035 |
|
|
|9 ABL7818AM
|
| 040 |
|
|
|a DLC
|c DLC
|d m.c.
|d UtOrBLW
|
| 043 |
|
|
|a n-us---
|
| 049 |
|
|
|a TXAM
|c [1808023]
|
| 050 |
0 |
0 |
|a L901
|b .B26 1979a
|
| 082 |
0 |
|
|a 378.73
|
| 110 |
2 |
|
|a Barron's Educational Series, Inc.
|b College Division.
|
| 245 |
1 |
0 |
|a Barron's compact guide to college transfer /
|c compiled and edited by the College Division, Barron's Educational Series.
|
| 264 |
|
1 |
|a Woodbury, N.Y. :
|b Barron's Educational Series, inc.,
|c [1979]
|
| 264 |
|
4 |
|c ©1979
|
| 300 |
|
|
|a x, 315 pages ;
|c 18 cm.
|
| 336 |
|
|
|a text
|b txt
|2 rdacontent
|
| 337 |
|
|
|a unmediated
|b n
|2 rdamedia
|
| 338 |
|
|
|a volume
|b nc
|2 rdacarrier
|
| 650 |
|
0 |
|a Universities and colleges
|z United States
|v Directories.
|
| 650 |
|
0 |
|a Transfer students
|z United States
|x Handbooks, manuals, etc.
|
| 999 |
|
|
|a MARS
|
| 999 |
f |
f |
|s 3bd62e7b-b56c-3add-8c28-89446f369913
|i 6db61be3-7808-3739-88fc-fbd95722123d
|t 0
|
| 952 |
f |
f |
|p ric
|a Texas A&M University
|b Rellis Campus
|c Joint Library Facility
|d Remote Storage
|t 0
|e L901 .B26 1979a
|h Library of Congress classification
|i unmediated -- volume
|m A14807703834
|
| 998 |
f |
f |
|a L901 .B26 1979a
|t 0
|l Remote Storage
|